| 000 | 00639nam a22001697a 4500 | ||
|---|---|---|---|
| 008 | 170425b xxu||||| |||| 00| 0 eng d | ||
| 020 | _a9715422160 | ||
| 082 |
_21999 _aDFil 899.2111 _bH11 |
||
| 245 |
_aA habit of shores: _bFilipino poetry and verse from English, 60's to the 90's: the sequel to a native clearing: _cEdited by Gemino H. Abad. |
||
| 260 |
_aQuezon City: _bUP Press, _cc1999. |
||
| 300 |
_a693 pages; _c23 cm. |
||
| 500 | _aIncludes bibliographical references and index. | ||
| 650 | 0 |
_920198 _aFilipino poetry. |
|
| 650 | 0 |
_920199 _aPoetry -- Collected works. |
|
| 700 |
_920200 _aAbad, Gemino H. _eEditor |
||
| 942 |
_2ddc _cDFIL |
||
| 999 |
_c6669 _d6669 |
||